| 000 | 00726cab a2200241 4500 | ||
|---|---|---|---|
| 001 | ABS58196 | ||
| 008 | 090401t1998 xxu||||| |||| 00| 0 eng d | ||
| 035 | _a(Sirsi) u83484 | ||
| 041 | _aeng | ||
| 245 | _aSainsbury`s sets store by homeworking | ||
| 260 | _c1998 | ||
| 350 | _a0 | ||
| 490 |
_aFlexible Working _v3(2) January 1998, 19-22(4) |
||
| 520 | _aReviews Sainsbury`s homeworking scheme and includes comments from teleworkers and the selection criteria for working from home. | ||
| 650 | _aFLEXIBLE WORKING | ||
| 650 | _aHOMEWORKING | ||
| 650 | _aSAINSBURYS | ||
| 650 | _aSELECTION CRITERIA | ||
| 650 | _aTELEWORKING | ||
| 690 | _aOFFICE SERVICES AND ADMINISTRATION | ||
| 942 | _n0 | ||
| 948 | _c02/02/1998 | ||
| 999 |
_c52731 _d52731 |
||